| 000 | 00664nam a2200289Ia 4500 | ||
|---|---|---|---|
| 001 | 1085 | ||
| 008 | 191123s9999 xx 000 0 und d | ||
| 041 | _ager | ||
| 044 | _axxk | ||
| 100 | _aHillier, J., | ||
| 245 | 0 |
_aHokusai : _bGemälde-Zeichnungen-Farbholzschnitte. |
|
| 260 |
_aLondon : _bPhaidon, _c1956. |
||
| 300 | _a138 p. | ||
| 504 | _aBibliografíapp. 138 | ||
| 650 | _aESTAMPAS | ||
| 650 | _aHOKUSAI, KATSUSHIKA | ||
| 650 | _aJAPON | ||
| 650 | _aPINTURAS | ||
| 902 | _aM | ||
| 903 | _am | ||
| 904 | _am | ||
| 907 | _aImpreso | ||
| 911 | _a18 láminas color y 134 b/n | ||
| 912 | _a1956 | ||
| 942 | _cLIBRO | ||
| 999 |
_c878 _d878 |
||